000 01674nam a22003137a 4500
001 000209496
003 AM-YeHGA
005 20250617124123.0
008 950417s1987 ru |||||||||||||||||rus d
040 _aAM-YeHGA
041 0 _arus
245 0 0 _aЭкологическая оптимизация агроландшафта /
_c[В. Контримавичюс, Г. Паулюкявичюс, Р. Пакальнис и др. ; Редкол.: В.Е. Соколов (отв. ред.) и др.]; АН СССР, Секция хим.-технол. и биол. наук и др.
246 3 5 _aEcological optimization of the agrolandscape
260 _aМосква :
_bНаука,
_c1987.
300 _a239,[1] с. ;
_c22 см.
500 _aЗагл. на доп.тит.л.: Ecological optimization of the agrolandscape.
500 _aАвт. указаны в содерж.
500 _aРез.: англ.
500 _aВ надзаг. также: АН ЛитССР, Сов. ком. по прогр. ЮНЕСКО "Человек и биосфера"
504 _aБиблиогр. в конце глав
650 1 4 _aГеографические ландшафты - Значение антропического фактора
650 1 4 _aСельскохозяйственная экология
700 1 _aПаулюкявичюс, Г.
700 1 _aПакальнис, Р.
700 1 _aСоколов, Владимир Евгеньевич
_eред.
_4edt
710 2 _aАкадемия наук СССР.
_bСекция химико-технологических и биологических наук
942 _2udc
_cBK
090 _c74218
999 _c73000
_d73000